Wrestling - Postacie po zdjęciach - Statystyki

Ogólne statystyki
  • Ten quiz został rozwiązany 195 razy
  • Średni wynik to 19 z 30
Statystyki odpowiedzi
Obrazkowy Odpowiedź % Poprawnych
Brock Lesnar
94%
John Cena
93%
Hulk Hogan
91%
Randy Orton
90%
Triple H
88%
The Rock
85%
The Undertaker
85%
Batista
84%
Roman Reigns
84%
Seth Rollins
79%
Dean Ambrose
76%
Goldberg
75%
Andre the Giant
70%
Shawn Michaels
68%
Stone Cold
66%
Daniel Bryan
64%
Kurt Angle
63%
Charlotte Flair
57%
Becky Lynch
55%
Ric Flair
55%
Randy Savage
49%
Bret Hart
46%
Lita
46%
Kevin Nash
45%
Trish Stratus
41%
Ultimate Warrior
41%
Razor Ramon
38%
Jake Roberts
35%
Kenny Omega
35%
Roddy Pipper
27%
Nie znaleziono quizów pasujących do podanych kryteriów
Rozkład punktacji
Procent ludzi z każdym wynikiem
Percentyl według liczby udzielonych odpowiedzi
Twoja historia wyników
Nie rozwiązałeś tego quizu